00281nam a2200133Ia 45000030006000000080041000060400015000471000017000622450019000792500011000982600009001095460012001180050017001300STCL150530s9999 xx 000 0 und d aSTCLcSTCL aWilson, H.A. aModern physics aFourth c1961 aEnglish20220125170218.0